• 首页
  • 本馆介绍
  • 公告通知
  • 最新文献
  • 馆藏检索
  • 电子资源
  • 读者导购
  • 参考咨询
  • 我的图书馆
  • 登录
  • 详细信息显示
  • 放入我的书架
  • 预约/预借图书
  • 作者相关作品
  • 分类相关作品
  • 丛书相关作品
  • 出版社相关作品

书目信息

  • 表格格式
  • 工作单格式
  • 卡片格式
题名:
中国物流发展报告
    
 
作者: 何黎明 主编 ;中国物流与采购联合会 , 中国物流学会 编
分册: 2010-2011  
出版信息: 北京   中国物资出版社  2011
页数: 15,17,478页
开本: 26cm
丛书名:
单 册:
中图分类: F259.22
科图分类:
主题词: 物流--经济发展--研究报告--中国--2010-2011 , 物流 , 经济发展
电子资源:
ISBN: 978-7-5047-3855-4
000 01226nam0 22003011 450
001 519
005 20140908165101.43
010    @a978-7-5047-3855-4@dCNY80.00
100    @a20110808d2011 em y0chiy50 ea
101 0  @achi@eeng
102    @aCN@b110000
105    @ay z 000yy
106    @ar
200 1  @a中国物流发展报告@AZhong Guo Wu Liu Fa Zhan Bao Gao@h2010-2011@dChina logistics development report@h2010-2011@f何黎明主编@FHe Li Ming Zhu Bian@g中国物流与采购联合会,中国物流学会[编]@zeng
210    @a北京@c中国物资出版社@d2011
215    @a15,17,478页@d26cm
300    @a中国物流与采购联合会系列报告 中国产业研究报告·物流与采购
330    @a本书分综合报告、专题研究、资料汇编三篇,介绍了2010年中国物流发展的环境、特点、发展中存在的主要问题和2011年中国物流发展展望。
510 1  @aChina logistics development report@h2010-2011@zeng
606 0  @a物流@x经济发展@x研究报告@y中国@z2010-2011
606 0  @a物流
606 0  @a经济发展
690    @aF259.22@v5
701  0 @a何黎明@AHe Li Ming@4主编
712 02 @a中国物流与采购联合会@AZhong Guo Wu Liu Yu Cai Gou Lian He Hui@4编
712 02 @a中国物流学会@AZhong Guo Wu Liu Xue Hui@4编
801  0 @aCN@bTANGWEI@c20140603
905    @b0836955-57@dF259.22@e205@f3
    
    中国物流发展报告.2010-2011=China logistics development report.2010-2011/何黎明主编/中国物流与采购联合会,中国物流学会[编].-北京:中国物资出版社,2011
    15,17,478页;26cm
    中国物流与采购联合会系列报告 中国产业研究报告·物流与采购
    
    ISBN 978-7-5047-3855-4:CNY80.00
    本书分综合报告、专题研究、资料汇编三篇,介绍了2010年中国物流发展的环境、特点、发展中存在的主要问题和2011年中国物流发展展望。
●
相关链接 在E读中查询图书 在五车中查询图书 在当当中查询图书 在豆瓣中查询图书


正题名:中国物流发展报告     索取号:F259.22/205         预约/预借

序号 登录号 条形码 馆藏地/架位号 状态 备注
1 0836955   208369558   第一样本阅览室/ [索取号:F259.22/205] 在馆    
2 0836956   208369567   密集书库-海洋学院/ [索取号:F259.22/205] 在馆    
3 0836957   208369576   第一借阅区/ [索取号:F259.22/205] 在馆    
唐山师范学院图书馆 欢迎您!
大连网信软件有限公司© 版权所有